Society must be defended : lectures at the Collège de France, 1975-76 /
| Autore principale: | |
|---|---|
| Altri autori: | , , , |
| Natura: | Libro |
| Lingua: | English |
| Pubblicazione: |
New York ; England :
Picador ; Penguin Books,
2003.
|
| Edizione: | 1st Picador pbk. ed. |
| Soggetti: | |
| Accesso online: | Contributor biographical information Publisher description Table of contents |
| Classic Catalogue: | View this record in Classic Catalogue |
| LEADER | 01808nam a22004098a 4500 | ||
|---|---|---|---|
| 001 | 29734 | ||
| 003 | BD-DhAAL | ||
| 005 | 20230525144744.0 | ||
| 008 | 150826s2003 nyu b 001 0 eng | ||
| 010 | |a 2003060904 | ||
| 020 | |a 9780140270860 | ||
| 020 | |a 0312422660 (pbk.) | ||
| 040 | |a DLC |c DLC |d DLC |d BD-DhAAL | ||
| 041 | 1 | |a eng | |
| 050 | 0 | 0 | |a B2430.F723 |b F3813 2003b |
| 082 | 0 | 0 | |a 194 |2 22 |
| 100 | 1 | |a Foucault, Michel, |d 1926-1984. |9 14131 | |
| 240 | 1 | 0 | |a Il faut défendre la société. |l English |
| 245 | 1 | 0 | |a Society must be defended : |b lectures at the Collège de France, 1975-76 / |c Michael Foucault ; edited by Mauro Bertani and Alessandro Fontana ; general editors, François Ewald and Alessandro Fontana ; translated by David Macey. |
| 250 | |a 1st Picador pbk. ed. | ||
| 260 | |a New York ; |a England : |b Picador ; |b Penguin Books, |c 2003. | ||
| 300 | |a xxxiii, 310 p. ; |c 21 cm. | ||
| 504 | |a Includes bibliographical references and index. | ||
| 541 | |e 29734 | ||
| 650 | 0 | |a War (Philosophy) |9 14132 | |
| 650 | 0 | |a Power (Philosophy) |9 14133 | |
| 650 | 0 | |a Political science |x Philosophy. |9 12767 | |
| 700 | 1 | |a Bertani, Mauro. |9 14134 | |
| 700 | 1 | |a Fontana, Alessandro. |9 14135 | |
| 700 | 1 | |a Ewald, François. |9 14136 | |
| 700 | 1 | |a Macey, David, |d 1949-2011. |9 14137 | |
| 856 | 4 | 2 | |3 Contributor biographical information |u http://www.loc.gov/catdir/bios/hol053/2003060904.html |
| 856 | 4 | 2 | |3 Publisher description |u http://www.loc.gov/catdir/description/hol041/2003060904.html |
| 856 | 4 | 1 | |3 Table of contents |u http://www.loc.gov/catdir/toc/hol041/2003060904.html |
| 942 | |2 ddc |c BK | ||
| 999 | |c 35344 |d 35344 | ||
| 952 | |0 0 |1 0 |2 ddc |4 0 |6 194_000000000000000_FOU |7 0 |9 55552 |a BRACUL |b BRACUL |c GEN |d 2015-08-26 |e Karim International |g 2000.00 |l 1 |m 5 |o 194 FOU |p 3010029734 |r 2024-04-28 |s 2024-03-06 |t 1 |w 2015-08-26 |y BK | ||